00661nam a22002177a 4500003000500000005001700005008004100022010001000063011001000073035001000083040000900093082001500102100002800117245008600145260005500231300001900286490005000305650002100355650001700376830005000393CHAP20220329134138.0971013s1968 r 00010 d a16104 a17076 a21159 cCHAP a595.77bG800aGupta, Sujit Kumar das. aRevision of the orienta species of Stilobezzia Kieffer (Diptera, Ceratopogonidae) aWashington :bSmithsonian Institution Press,c1968 a149 p.b: ilus aUnited States National Museum Bulletinv; 28314aCeratopogonidae.14aStilobezzia.0 aUnited States National Museum Bulletinv; 283